One Direction Members in 15 Seconds - Statistics

General Stats
  • This quiz has been taken 3,446 times
    3,295 since last reset
  • The average score is 5 of 5
Answer Stats
Name % Correct
Harry Styles
98%
Liam Payne
95%
Niall Horan
95%
Zayn Malik
95%
Louis Tomlinson
93%
No matching quizzes found
Score Distribution
Percent of People with Each Score
Percentile by Number Answered
Your Score History
You have not taken this quiz since the last reset